|
|
|
|
| LEADER |
00000naa2a2200000 4500 |
| 001 |
625867 |
| 005 |
20231101133401.0 |
| 035 |
|
|
|a (RuTPU)RU\TPU\conf\25133
|
| 035 |
|
|
|a RU\TPU\conf\25132
|
| 090 |
|
|
|a 625867
|
| 100 |
|
|
|a 20171227d2017 k y0rusy50 ca
|
| 101 |
0 |
|
|a rus
|
| 102 |
|
|
|a RU
|
| 105 |
|
|
|a y z 101zy
|
| 135 |
|
|
|a drcn ---uucaa
|
| 181 |
|
0 |
|a i
|
| 182 |
|
0 |
|a b
|
| 200 |
1 |
|
|a Получение материалов на основе сополимера лактида и гликолида для восстановления сосудов
|f Н. С. Радионов
|g науч. рук. И. А. Курзина
|
| 203 |
|
|
|a Текст
|c электронный
|
| 225 |
1 |
|
|a Материалы для медицины и экологии
|
| 230 |
|
|
|a 1 компьютерный файл (pdf; 156 Kb)
|
| 300 |
|
|
|a Заглавие с экрана
|
| 320 |
|
|
|a [Библиогр.: с. 47 (3 назв.)]
|
| 463 |
|
0 |
|0 (RuTPU)RU\TPU\conf\22867
|t Функциональные материалы: разработка, исследование, применение
|o сборник тезисов докладов IV Всероссийского конкурса научных докладов студентов, г. Томск, г. Тамбов, 23-24 мая 2017 г.
|f Национальный исследовательский Томский политехнический университет (ТПУ) ; Национальный исследовательский Томский государственный университет (ТГУ) ; Тамбовский государственный университет имени Г. Р. Державина ; ред. кол. А. Ю. Годымчук ; Н. И. Каракчеева ; А. А. Гусев
|v [С. 47]
|d 2017
|
| 610 |
1 |
|
|a электронный ресурс
|
| 610 |
1 |
|
|a ишемическая болезнь
|
| 610 |
1 |
|
|a сердечно-сосудистые заболевания
|
| 610 |
1 |
|
|a полимерные материалы
|
| 610 |
1 |
|
|a имплантация
|
| 610 |
1 |
|
|a кровеносные сосуды
|
| 700 |
|
1 |
|a Радионов
|b Н. С.
|
| 702 |
|
1 |
|a Курзина
|b И. А.
|4 727
|
| 801 |
|
2 |
|a RU
|b 63413507
|c 20171228
|g RCR
|
| 856 |
4 |
|
|u http://earchive.tpu.ru/handle/11683/45648
|
| 942 |
|
|
|c BK
|